000 00831nam a22001935i 4500
001 163884
003 ES-MaACL
005 20230906212829.0
008 970212m18991904sp a |||| | spa d
100 1 _aRojas y Caballero Infante, Francisco de Paula.
_999083
245 1 0 _aTratado de electrodinámica industrial.
_nI /
_cpor D. Francisco de P. Rojas y Caballero Infante.
250 _a3ª ed., refundida y amp.
260 _aMadrid :
_b[s.n.],
_c1899-1904 (
_fEst. Tip. de la Viuda e Hijos de M. Tello)
300 _a1 v. (427 p.) :
_bil. ;
_c23 cm.
530 _aDisponible en formato digital la obra completa: 3 v.
650 4 _aElectrodinámica.
_9135969
852 4 _aES-MaACL
_jB-11608
_z- Enc. pasta española
856 4 _uhttp://bdh-rd.bne.es/viewer.vm?id=0000187403&page=1
_zBiblioteca Digital Hispánica
_z(3 v.)
999 _c163884
_d163884